| 000 | 01624nam a2200301 a 4500 | ||
|---|---|---|---|
| 005 | 20260112063232.0 | ||
| 020 | _a9780761935759 (paper back) | ||
| 020 | _a0761935754 (paper back) | ||
| 020 | _a9788178297361 (India-pbk.) | ||
| 020 | _a8178297361 (India-pbk.) | ||
| 039 |
_a202110041006 _bstaff _c201302061720 _d staff _c200908032200 _d staff _y 200908032200 _z staff |
||
| 050 |
_a362.87 _bHUS |
||
| 082 |
_a362.87 _bHUS [ Shelf 76] |
||
| 100 |
_aHussain, Monirul, _d 1952- |
||
| 245 |
_aInterrogating development : _bstate, displacement and popular resistance in North East India / _cMonirul Hussain. |
||
| 260 |
_aNew Delhi, India ; _aThousand Oaks, Calif. : _bSAGE Publications, _c2008. |
||
| 300 |
_a174 p. : _bill. ; _c22 cm. |
||
| 440 | _aSage studies on India's North East | ||
| 504 | _aIncludes bibliographical references (p. [156]-169) and index. | ||
| 505 | _aIntroduction -- Imposing development : introducing the incomplete dossier of displacement -- Hard-hitting reality : development-induced displacement of population in post-colonial Assam -- Development, dam and displacement : resistance from the threatened -- Conclusion : new politics of development : interface between the state and the people. | ||
| 650 |
_aInternally displaced persons _z India _z Assam _x Social conditions. |
||
| 650 |
_aEthnic conflict _z India _z Assam. |
||
| 651 |
_aAssam (India) _x Social conditions. |
||
| 651 |
_aIndia, Northeastern _x Ethnic relations. |
||
| 991 | _aVIRTUA40 | ||
| 991 | _aVTLSSORT0080*0200*0201*0202*0203*0500*0820*1000*2450*2600*3000*4400*5040*5050*6500*6501*6510*6511*9992 | ||
| 909 | _a1055 | ||
| 999 |
_c1041 _d1041 |
||